[Event "47. Miedzynarodowy Festiwal Szachowy im."]
[Site "Polanica Zdroj"]
[Date "2011.??.??"]
[Round "5.15"]
[White "Pudlo, Jerzy"]
[Black "Olszewski, Jerzy"]
[Result "1-0"]
[WhiteElo "1702"]
[BlackElo "1885"]
[PlyCount "41"]
[EventDate "2011.??.??"]

1. e4 e5 2. c3 g6 3. Bc4 Bg7 4. d3 Nf6 5. Bg5 O-O 6. Qd2 d6 7. h3 Be6 8. Na3 a6
9. Nf3 Qe8 10. Bh6 Bxc4 11. Bxg7 Kxg7 12. Nxc4 Nh5 13. Ne3 Nd7 14. O-O-O b5 15.
Nd5 Qd8 16. g4 Nhf6 17. Ne3 Nc5 18. h4 h5 19. Rdg1 Ne6 20. Nf5+ Kg8 21. Qh6 1-0

[Event "47. Miedzynarodowy Festiwal Szachowy im."]
[Site "Polanica Zdroj"]
[Date "2011.??.??"]
[Round "5.16"]
[White "Panczuk, Boleslaw"]
[Black "Feliksinski, Tadeusz"]
[Result "0-1"]
[WhiteElo "1482"]
[BlackElo "1786"]
[PlyCount "66"]
[EventDate "2011.??.??"]

1. e4 e5 2. Nf3 Nc6 3. Bb5 a6 4. Ba4 Nf6 5. O-O b5 6. Bb3 Be7 7. Re1 d6 8. c3
O-O 9. d4 Bg4 10. h3 Bh5 11. Be3 Na5 12. Bc2 Nc4 13. Bc1 Nd7 14. b3 Ncb6 15.
Qd3 c6 16. Nbd2 Bg6 17. Nf1 Qc7 18. Ng3 d5 19. Nf5 Nc8 20. Bb2 Bxf5 21. exf5 e4
22. Qe2 exf3 23. Qxf3 Nf6 24. Bc1 Nd6 25. Bf4 Nfe4 26. g4 Qd7 27. Be5 Bh4 28.
Re2 Rae8 29. Qf4 Ng5 30. Kh2 f6 31. Bxd6 Rxe2 32. Rf1 Rxc2 33. Bxf8 Kxf8 0-1

[Event "47. Miedzynarodowy Festiwal Szachowy im."]
[Site "Polanica Zdroj"]
[Date "2011.??.??"]
[Round "5.18"]
[White "Kwiatkowski, Zygmunt"]
[Black "Rabeda, Grzegorz"]
[Result "1-0"]
[WhiteElo "1613"]
[BlackElo "1495"]
[PlyCount "78"]
[EventDate "2011.??.??"]

1. c4 Nf6 2. g3 e6 3. Bg2 d5 4. cxd5 exd5 5. Nf3 Bd6 6. O-O O-O 7. d3 Bg4 8.
Bg5 h6 9. Be3 Nbd7 10. a3 Re8 11. Re1 c5 12. d4 c4 13. Nc3 a6 14. Nh4 b5 15.
Nxd5 Nxd5 16. Bxd5 Rb8 17. Qc1 Nf6 18. Bg2 Qd7 19. Qc2 g5 20. Nf3 Rbc8 21. Red1
Bf5 22. Qc1 Re7 23. Bxg5 hxg5 24. Qxg5+ Bg6 25. Qxf6 Re6 26. Qg5 Rxe2 27. Ne5
Qe6 28. Nxf7 Kg7 29. Nxd6 Qxd6 30. Rd2 Rce8 31. Bf3 Re1+ 32. Rxe1 Rxe1+ 33. Kg2
b4 34. axb4 Qxb4 35. Bh5 Qd6 36. Qxg6+ Qxg6 37. Bxg6 Kxg6 38. Rc2 Rb1 39. Rxc4
Rxb2 1-0

[Event "47. Miedzynarodowy Festiwal Szachowy im."]
[Site "Polanica Zdroj"]
[Date "2011.??.??"]
[Round "5.19"]
[White "Krawiec, Stanislaw"]
[Black "Niezgoda, Boleslaw"]
[Result "0-1"]
[WhiteElo "1662"]
[BlackElo "1735"]
[PlyCount "51"]
[EventDate "2011.??.??"]

1. e4 c5 2. Nf3 g6 3. c3 Bg7 4. d4 cxd4 5. cxd4 Nf6 6. Nc3 O-O 7. Be2 d6 8. h3
Nc6 9. O-O a6 10. a3 Re8 11. Re1 e6 12. Qc2 b5 13. b4 Bb7 14. Be3 Rc8 15. Rad1
Qc7 16. Rc1 Qb8 17. Qd2 Na7 18. e5 dxe5 19. dxe5 Red8 20. Bxa7 Qxa7 21. Qf4 Nd5
22. Nxd5 Bxd5 23. Rxc8 Rxc8 24. Nh2 Qe7 25. Ng4 f5 26. Ne3 {blad w zapisie} 0-1

[Event "47. Miedzynarodowy Festiwal Szachowy im."]
[Site "Polanica Zdroj"]
[Date "2011.??.??"]
[Round "6.1"]
[White "Gralka, Julian"]
[Black "Olejarczyk, Bogdan"]
[Result "0-1"]
[WhiteElo "2282"]
[BlackElo "2137"]
[PlyCount "156"]
[EventDate "2011.??.??"]

1. d4 d5 2. c4 c6 3. Nf3 Nf6 4. Nc3 a6 5. e3 b5 6. b3 Bg4 7. Be2 e6 8. O-O Nbd7
9. Bb2 bxc4 10. bxc4 Rb8 11. Rb1 Qa5 12. Ba1 Bb4 13. Qc2 O-O 14. c5 Bf5 15. Bd3
Bxd3 16. Qxd3 Bxc3 17. Bxc3 Qa3 18. Nd2 Rb5 19. Rb3 Qa4 20. Ba1 Rxb3 21. axb3
Qb5 22. Qxb5 axb5 23. Bc3 Ra8 24. Ra1 Rxa1+ 25. Bxa1 Ne4 26. Nf1 f5 27. f3 Nef6
28. Bc3 Kf7 29. Kf2 Ke7 30. Nd2 Ne8 31. b4 Ndf6 32. Ke2 g5 33. Nb3 h5 34. Be1
Kd7 35. Nc1 Ke7 36. Nd3 Nd7 37. Bg3 Kf7 38. h4 g4 39. Be5 Nef6 40. Kf2 Nh7 41.
Kg3 Nhf8 42. Kf4 Nh7 43. Bd6 Kf6 44. Kg3 Kf7 45. Bc7 Nhf8 46. Kf4 Nh7 47. Bd8
Ke8 48. Bc7 Ke7 49. Nf2 Kf6 50. e4 gxf3 51. gxf3 fxe4 52. fxe4 Nhf8 53. Bd8+
Kg6 54. Nd3 Kh6 55. Bg5+ Kg7 56. exd5 Ng6+ 57. Kf3 exd5 58. Nf4 Nxf4 59. Kxf4
Kg6 60. Bd8 Kf7 61. Kf5 Nf8 62. Bc7 Nd7 63. Be5 Ke7 64. Bf4 Kf7 65. Kg5 Ke6 66.
Bd6 Nf6 67. Be5 Nd7 68. Bh8 Nb8 69. Kxh5 Kf7 70. Kg4 Na6 71. Kf3 Nxb4 72. Ke2
Kg6 73. Be5 Nc2 74. Kd3 Ne1+ 75. Kc3 Ng2 76. Bg3 Kh5 77. Kb4 Kg4 78. Bf2 Kf3
0-1

[Event "47. Miedzynarodowy Festiwal Szachowy im."]
[Site "Polanica Zdroj"]
[Date "2011.??.??"]
[Round "6.2"]
[White "Galicki, Ryszard"]
[Black "Santura, Janusz"]
[Result "1-0"]
[WhiteElo "1986"]
[BlackElo "1856"]
[PlyCount "85"]
[EventDate "2011.??.??"]

1. e4 c6 2. d4 d5 3. e5 Bf5 4. Nf3 e6 5. Be2 Ne7 6. Nbd2 Nd7 7. Nb3 c5 8. Bb5
Nc6 9. Bxc6 bxc6 10. dxc5 Nxc5 11. Nxc5 Bxc5 12. O-O O-O 13. h3 Be7 14. Nd4 Qc7
15. Nxf5 exf5 16. Re1 Qd7 17. Be3 c5 18. c3 Qe6 19. Qa4 a6 20. Rad1 Rfd8 21. f4
Rab8 22. Rd2 Rb7 23. a3 c4 24. Rde2 Rdb8 25. Bc1 Bc5+ 26. Kh2 d4 27. cxd4 Bxd4
28. Rd1 Bc5 29. Rc2 Rc7 30. Rcd2 Be7 31. Rd7 Rbc8 32. Rxc7 Rxc7 33. Be3 Qc6 34.
Qxc6 Rxc6 35. Bd4 Kf8 36. Bc3 Ke8 37. g4 fxg4 38. hxg4 g6 39. Kg3 Bc5 40. Kf3
Ke7 41. Ke4 Bb6 42. Bb4+ Bc5 43. Kd5 1-0

[Event "47. Miedzynarodowy Festiwal Szachowy im."]
[Site "Polanica Zdroj"]
[Date "2011.??.??"]
[Round "6.3"]
[White "Pojedziniec, Wladyslaw"]
[Black "Lada, Ireneusz"]
[Result "1-0"]
[WhiteElo "2168"]
[BlackElo "2042"]
[PlyCount "57"]
[EventDate "2011.??.??"]

1. d4 d6 2. c4 e5 3. dxe5 dxe5 4. Qxd8+ Kxd8 5. Nf3 f6 6. Nc3 Be6 7. b3 c6 8.
Bb2 Nh6 9. e3 Nd7 10. Be2 Bb4 11. Nd2 a5 12. Rd1 Kc7 13. O-O Rad8 14. Nde4 Nf7
15. Rc1 Kb8 16. Rfd1 f5 17. Ng3 Rhe8 18. Na4 Nc5 19. Nxc5 Bxc5 20. Bc3 Bb4 21.
Bxb4 axb4 22. Rxd8+ Rxd8 23. Rd1 Rc8 24. Bd3 g6 25. f4 Kc7 26. Bb1 c5 27. e4
fxe4 28. Nxe4 b6 29. Ng5 {zapis nieczytelny} 1-0

[Event "47. Miedzynarodowy Festiwal Szachowy im."]
[Site "Polanica Zdroj"]
[Date "2011.??.??"]
[Round "6.4"]
[White "Widera, Jan"]
[Black "Drazek, Wladyslaw"]
[Result "1/2-1/2"]
[WhiteElo "2045"]
[BlackElo "2063"]
[PlyCount "52"]
[EventDate "2011.??.??"]

1. c4 e5 2. Nc3 Nf6 3. g3 d5 4. cxd5 Nxd5 5. Bg2 Nb6 6. d3 Nc6 7. Nf3 Be7 8. a3
a5 9. O-O O-O 10. Be3 Nd5 11. Nxd5 Qxd5 12. Nd4 Qd6 13. Nxc6 bxc6 14. Qc2 Bb7
15. Rfc1 Ra6 16. Qa4 Qe6 17. Rc2 Rb8 18. Rac1 h6 19. Bxc6 Bxc6 20. Rxc6 Rxc6
21. Rxc6 Qd7 22. Rc4 Qxa4 23. Rxa4 Rxb2 24. Rxa5 Rxe2 25. Bc5 Bd6 26. Ra8+ Kh7
1/2-1/2

[Event "47. Miedzynarodowy Festiwal Szachowy im."]
[Site "Polanica Zdroj"]
[Date "2011.??.??"]
[Round "6.5"]
[White "Kwiek, Janusz"]
[Black "Janocha, Jan"]
[Result "0-1"]
[WhiteElo "1778"]
[BlackElo "1781"]
[PlyCount "86"]
[EventDate "2011.??.??"]

1. Nf3 c5 2. e4 Nc6 3. d4 cxd4 4. Nxd4 Nf6 5. Nc3 e5 6. Nxc6 bxc6 7. Bc4 Be7 8.
O-O Bb7 9. Bg5 O-O 10. Bxf6 Bxf6 11. Qd6 Qe7 12. Rad1 Rad8 13. Qc7 d6 14. Qa5
Ba8 15. Rd3 Qb7 16. Bb3 Be7 17. Rfd1 Kh8 18. Rf3 f6 19. Rfd3 f5 20. f3 fxe4 21.
fxe4 Rf6 22. Rf1 Rdf8 23. Rdf3 Bd8 24. Rxf6 gxf6 25. Qa3 Be7 26. Qa4 a6 27. Qc4
Qd7 28. Rf3 d5 29. exd5 f5 30. dxc6 Bxc6 31. Rd3 Qb7 32. Rg3 Qa8 33. Qe6 Bc5+
34. Kf1 Qe8 35. Qc4 Bd4 36. a4 f4 37. Rg5 f3 38. g3 Qd8 39. Rg4 Bxc3 40. Qxc3
Qd1+ 41. Qe1 Qe2+ 42. Qxe2 fxe2+ 43. Kxe2 Bf3+ 0-1

[Event "47. Miedzynarodowy Festiwal Szachowy im."]
[Site "Polanica Zdroj"]
[Date "2011.??.??"]
[Round "6.6"]
[White "Solek, Zenon"]
[Black "Ossowski, Boleslaw"]
[Result "1-0"]
[WhiteElo "1883"]
[BlackElo "1694"]
[PlyCount "103"]
[EventDate "2011.??.??"]

1. e4 e6 2. d4 b6 3. Nf3 Bb7 4. Bd3 Nf6 5. Qe2 Be7 6. O-O h6 7. c4 d6 8. Nc3
Nbd7 9. h3 e5 10. d5 Nc5 11. Bc2 a5 12. Be3 Ncd7 13. Ba4 O-O 14. Nh2 Nc5 15.
Bxc5 bxc5 16. Rad1 Bc8 17. Rd3 Bd7 18. Bxd7 Qxd7 19. b3 Nh7 20. Ng4 f5 21. Ne3
f4 22. Nf5 Bf6 23. g3 fxg3 24. fxg3 Kh8 25. Qg4 Qf7 26. h4 h5 27. Qh3 g6 28.
Ne3 Qe7 29. Rd2 Bg7 30. Rdf2 Bh6 31. Ncd1 Rxf2 32. Rxf2 Rf8 33. Rxf8+ Qxf8 34.
Kg2 Nf6 35. Qe6 Kg7 36. g4 hxg4 37. Nxg4 Nxg4 38. Qxg4 Qf4 39. Qxf4 Bxf4 40.
Nc3 Kf7 41. Nb5 Ke7 42. Nxc7 Bd2 43. Ne6 Bh6 44. Kf3 Kd7 45. Kg4 Ke8 46. Ng5
Kd7 47. Ne6 Ke7 48. h5 gxh5+ 49. Kxh5 Bd2 50. Kg6 Be1 51. Ng7 Kd7 52. Kf5 1-0

[Event "47. Miedzynarodowy Festiwal Szachowy im."]
[Site "Polanica Zdroj"]
[Date "2011.??.??"]
[Round "6.7"]
[White "Skladzien, Romuald"]
[Black "Czech, Mieczyslaw"]
[Result "1/2-1/2"]
[WhiteElo "1865"]
[BlackElo "1967"]
[PlyCount "57"]
[EventDate "2011.??.??"]

1. d4 Nf6 2. c4 c6 3. Nc3 d5 4. e3 e6 5. Nf3 Nbd7 6. Bd3 dxc4 7. Bxc4 b5 8. Bd3
a6 9. O-O Bb7 10. a3 c5 11. dxc5 Nxc5 12. Bc2 Qc7 13. Nd4 Be7 14. Qe2 O-O 15.
b4 Ncd7 16. Bb2 Rac8 17. Rac1 Qb8 18. Rfd1 Rfe8 19. f3 Ne5 20. Bb3 Nc4 21. Bxc4
Rxc4 22. Nb1 Rec8 23. e4 Qf4 24. Nd2 R4c7 25. Qd3 Qd6 26. Qb1 Ne8 27. Rxc7 Rxc7
28. N2b3 Qb6 29. Kf1 1/2-1/2

[Event "47. Miedzynarodowy Festiwal Szachowy im."]
[Site "Polanica Zdroj"]
[Date "2011.??.??"]
[Round "6.8"]
[White "Przybyl, Jozef"]
[Black "Niecko, Stanislaw"]
[Result "1/2-1/2"]
[WhiteElo "1941"]
[BlackElo "1856"]
[PlyCount "78"]
[EventDate "2011.??.??"]

1. e4 c5 2. Nf3 Nc6 3. d4 cxd4 4. Nxd4 g6 5. Nc3 Bg7 6. Be3 Nf6 7. Bc4 Qa5 8.
Nb3 Qb4 9. Bd3 Nxe4 10. Bxe4 Bxc3+ 11. bxc3 Qxe4 12. O-O O-O 13. Re1 Qc4 14.
Qd2 d6 15. Nd4 Nxd4 16. cxd4 Bf5 17. c3 Rfc8 18. Rac1 Rc6 19. Bh6 Be6 20. Qg5
Rc7 21. h4 f6 22. Qe3 Bd5 23. f4 Kf7 24. Rf1 e6 25. Rf2 Rc6 26. Qg3 Rg8 27. Qh3
Ra6 28. Rcc2 Be4 29. Rb2 Ra3 30. Qe3 d5 31. Rfc2 Bxc2 32. Rxb7+ Ke8 33. Rb8+
Kd7 34. Rxg8 Rxc3 35. Qf2 e5 36. Rg7+ Kd6 37. Rxa7 Be4 38. Bg7 Rc1+ 39. Kh2 Rc2
{blad w zapisie} 1/2-1/2

[Event "47. Miedzynarodowy Festiwal Szachowy im."]
[Site "Polanica Zdroj"]
[Date "2011.??.??"]
[Round "6.9"]
[White "Salamon, Jan"]
[Black "Winiarski, Kazimierz"]
[Result "1/2-1/2"]
[WhiteElo "1823"]
[BlackElo "1967"]
[PlyCount "126"]
[EventDate "2011.??.??"]

1. d4 d5 2. Nf3 e6 3. c4 c6 4. Qc2 Nd7 5. cxd5 exd5 6. Nc3 Ngf6 7. Bg5 Be7 8.
e3 O-O 9. Bd3 Re8 10. O-O h6 11. Bf4 Bf8 12. h3 Qe7 13. a4 Ne4 14. a5 Nxc3 15.
bxc3 a6 16. c4 dxc4 17. Bxc4 Qf6 18. Qb3 g5 19. Be5 Nxe5 20. Nxe5 Re7 21. f4 g4
22. hxg4 Be6 23. d5 cxd5 24. Bxd5 Rd8 25. Rad1 Bxd5 26. Rxd5 Rxd5 27. Qxd5 Qe6
28. Qxe6 Rxe6 29. Rb1 Bc5 30. Kf2 b5 31. axb6 Bxb6 32. Kf3 Bc7 33. Nc4 Rc6 34.
Rb4 a5 35. Ra4 Rc5 36. e4 Rb5 37. e5 Kf8 38. Ke4 Ke7 39. Kf5 Rb4 40. Rxb4 axb4
41. g5 hxg5 42. Kxg5 b3 43. Kf5 Ba5 44. Ke4 Bc3 45. f5 b2 46. Na3 Bd2 47. Kd3
Bf4 48. Ke4 Bg3 49. Nb1 Kd7 50. Kd5 Ke7 51. Ke4 Kd7 52. Nc3 Be1 53. Nb1 Bg3 54.
Kd5 Ke7 55. Na3 Kd7 56. e6+ fxe6+ 57. fxe6+ Ke7 58. Nb1 Ke8 59. Ke4 Ke7 60. Kf5
Bh4 61. g4 Bf6 62. g5 Bxg5 63. Kxg5 Kxe6 1/2-1/2

[Event "47. Miedzynarodowy Festiwal Szachowy im."]
[Site "Polanica Zdroj"]
[Date "2011.??.??"]
[Round "6.10"]
[White "Pudlo, Jerzy"]
[Black "Wilczewski, Piotr"]
[Result "1/2-1/2"]
[WhiteElo "1702"]
[BlackElo "1908"]
[PlyCount "50"]
[EventDate "2011.??.??"]

1. e4 e5 2. Ne2 Nc6 3. d3 Bb4+ 4. Nbc3 d5 5. exd5 Qxd5 6. a3 Bxc3+ 7. Nxc3 Qd8
8. Be3 Be6 9. g3 Bd5 10. Nxd5 Qxd5 11. f3 Nge7 12. Bg2 Nf5 13. Bf2 Ncd4 14. g4
Ne7 15. c4 Qe6 16. O-O O-O 17. b4 Rad8 18. Re1 Ng6 19. Bg3 Qf6 20. Ra2 Nf4 21.
Bxf4 Qxf4 22. Re4 Qg5 23. Rf2 f6 24. Qd2 Qxd2 25. Rxd2 Ne6 1/2-1/2

[Event "47. Miedzynarodowy Festiwal Szachowy im."]
[Site "Polanica Zdroj"]
[Date "2011.??.??"]
[Round "6.11"]
[White "Budrewicz, Henryk"]
[Black "Dulinski, Stanislaw"]
[Result "1-0"]
[WhiteElo "1607"]
[BlackElo "1831"]
[PlyCount "73"]
[EventDate "2011.??.??"]

1. d4 Nf6 2. Nf3 d5 3. Bf4 Nbd7 4. e3 e6 5. Bd3 Bd6 6. Ne5 O-O 7. Nd2 Bb4 8. c3
Ba5 9. b4 Bb6 10. O-O c6 11. g4 Nxe5 12. dxe5 Nd7 13. g5 Qc7 14. Nf3 g6 15. Qc2
Re8 16. h4 c5 17. Qe2 c4 18. Bc2 a6 19. a4 Ba7 20. Kg2 b6 21. Rh1 Nf8 22. Nh2
Bb8 23. Ng4 Kg7 24. Nf6 Rd8 25. Qg4 Nd7 26. h5 Nxe5 27. Qh4 Qc6 28. hxg6 fxg6
29. Qxh7+ Kf8 30. Qh8+ Ke7 31. Rh7+ Nf7 32. Rxf7+ Kxf7 33. Qxd8 Bxf4 34. Rh1 e5
35. Qg8+ Ke7 36. Rh7+ Kd6 37. Qf8+ 1-0

[Event "47. Miedzynarodowy Festiwal Szachowy im."]
[Site "Polanica Zdroj"]
[Date "2011.??.??"]
[Round "6.12"]
[White "Kozicz, Andrzej"]
[Black "Rychlik, Bogdan"]
[Result "1-0"]
[WhiteElo "2014"]
[BlackElo "1820"]
[PlyCount "29"]
[EventDate "2011.??.??"]

1. e4 c5 2. Nf3 Nc6 3. d4 cxd4 4. Nxd4 Nf6 5. Nc3 e5 6. Ndb5 d6 7. Nd5 Nxd5 8.
exd5 Ne7 9. c4 g6 10. Qa4 Nf5 11. Nc7+ Ke7 12. Nxa8 a6 13. Qb4 Nd4 14. Bd3 b5
15. c5 1-0

[Event "47. Miedzynarodowy Festiwal Szachowy im."]
[Site "Polanica Zdroj"]
[Date "2011.??.??"]
[Round "6.14"]
[White "Feliksinski, Tadeusz"]
[Black "Kwiatkowski, Zygmunt"]
[Result "1/2-1/2"]
[WhiteElo "1786"]
[BlackElo "1613"]
[PlyCount "93"]
[EventDate "2011.??.??"]

1. e4 c6 2. Nf3 d5 3. Nc3 dxe4 4. Nxe4 Nd7 5. Bc4 Ngf6 6. Qe2 Nxe4 7. Qxe4 e6
8. O-O Nf6 9. Qe2 Bd6 10. d4 O-O 11. Bg5 h6 12. Bh4 c5 13. Rad1 Qc7 14. Bxf6
gxf6 15. g3 b6 16. d5 e5 17. Nh4 Re8 18. Qe4 Kg7 19. Bd3 Rh8 20. c4 Bd7 21. Kg2
Qc8 22. Rfe1 Bh3+ 23. Kg1 Bg4 24. f3 Bd7 25. Nf5+ Bxf5 26. Qxf5 Qxf5 27. Bxf5
Rab8 28. a4 Rhd8 29. g4 a5 30. Kg2 Rb7 31. h4 Rbb8 32. Be4 Rh8 33. Rh1 Rbd8 34.
Rh3 Kg8 35. Kf2 Kf8 36. Rg1 Ke7 37. Rhg3 Kf8 38. R3g2 Be7 39. h5 Bd6 40. Rd1
Ke7 41. Rd3 Ra8 42. Rb3 Rab8 43. Ke3 Bc7 44. Rb5 Rhd8 45. Rd2 Rg8 46. Rd3 Kd6
47. Bf5 1/2-1/2

[Event "47. Miedzynarodowy Festiwal Szachowy im."]
[Site "Polanica Zdroj"]
[Date "2011.??.??"]
[Round "6.15"]
[White "Peer, Eli"]
[Black "Korycki, Jozef"]
[Result "0-1"]
[WhiteElo "1693"]
[BlackElo "1672"]
[PlyCount "21"]
[EventDate "2011.??.??"]

1. e4 e6 2. d4 c6 3. Nf3 d6 4. Bc4 b5 5. Bb3 Bb7 6. O-O Be7 7. c4 Nd7 8. Re1
Qc7 9. Bf4 e5 10. Be3 Ngf6 11. Nbd2 {zapis nieczytelny} 0-1

[Event "47. Miedzynarodowy Festiwal Szachowy im."]
[Site "Polanica Zdroj"]
[Date "2011.??.??"]
[Round "6.16"]
[White "Olszewski, Jerzy"]
[Black "Jurkiewicz, Kazimierz"]
[Result "1-0"]
[WhiteElo "1885"]
[BlackElo "1477"]
[PlyCount "83"]
[EventDate "2011.??.??"]

1. e4 e5 2. Nf3 Nc6 3. Bc4 h6 4. d3 Bc5 5. c3 d6 6. a4 a6 7. a5 Bg4 8. Qb3 Qd7
9. Nbd2 Rb8 10. O-O Nf6 11. Qd1 O-O 12. h3 Be6 13. Nh2 Nh7 14. Qb3 Ng5 15. Bxe6
Qxe6 16. Qd1 f5 17. exf5 Qxf5 18. Qe2 Rf7 19. Ne4 Nxe4 20. dxe4 Qe6 21. Be3
Bxe3 22. Qxe3 Qb3 23. Qe2 Rbf8 24. Ng4 Ne7 25. Ne3 Qe6 26. Kh2 Ng6 27. g3 Rf3
28. Nf5 R3xf5 29. exf5 Rxf5 30. Ra4 Ne7 31. Rb4 Qc8 32. Re4 Nd5 33. Qc4 c6 34.
Kg2 Kh8 35. Qe2 Qc7 36. Ra4 Qd7 37. Raa1 g5 38. c4 Nc7 39. Rad1 Ne6 40. Qe4 Rf6
41. Qxe5 Qf7 42. Rxd6 1-0

[Event "47. Miedzynarodowy Festiwal Szachowy im."]
[Site "Polanica Zdroj"]
[Date "2011.??.??"]
[Round "6.17"]
[White "Niezgoda, Boleslaw"]
[Black "Jagiello, Adolf"]
[Result "1/2-1/2"]
[WhiteElo "1735"]
[BlackElo "1443"]
[PlyCount "39"]
[EventDate "2011.??.??"]

1. e4 e5 2. c3 Nf6 3. Qc2 d6 4. Nf3 Bg4 5. Be2 Nfd7 6. d4 Bxf3 7. Bxf3 Be7 8.
O-O O-O 9. Nd2 b5 10. a3 Bg5 11. Qb3 c6 12. d5 Nc5 13. Qc2 a6 14. b3 Qc7 15. a4
Qb7 16. c4 b4 17. Bb2 Nbd7 18. Bg4 Bxd2 19. dxc6 Qxc6 20. Qxd2 1/2-1/2

[Event "47. Miedzynarodowy Festiwal Szachowy im."]
[Site "Polanica Zdroj"]
[Date "2011.??.??"]
[Round "6.18"]
[White "Szczerbak, Stefan"]
[Black "Krawiec, Stanislaw"]
[Result "1-0"]
[WhiteElo "1672"]
[BlackElo "1662"]
[Annotator "Doe,John"]
[PlyCount "84"]
[EventDate "2011.??.??"]

1. Nf3 d5 2. d4 Nc6 3. c3 Nf6 4. Nbd2 Bf5 5. e3 a6 6. a3 e6 7. b4 Bd6 8. c4
dxc4 9. Bxc4 b5 10. Bb3 h6 11. O-O O-O 12. Bb2 Ne7 13. Re1 Ne4 14. Nxe4 Bxe4
15. Nd2 Bb7 16. e4 Ng6 17. e5 Be7 18. Qg4 Bg5 19. Ne4 Bxe4 20. Rxe4 Kh7 21. g3
Rg8 22. h4 Be7 23. Rd1 c6 24. f4 Qd7 25. h5 Nf8 26. Rf1 g6 27. Kh2 Rg7 28. Qf3
Kh8 29. hxg6 fxg6 30. Qg4 Re8 31. Re2 Bd8 32. Rc1 Qb7 33. Rec2 Rc7 34. Qf3 Ree7
35. Rxc6 Rxc6 36. Qxc6 Kg7 37. Qxb7 Rxb7 38. Rc6 Rb6 39. d5 Rxc6 40. dxc6 Kf7
41. a4 Ke7 42. axb5 axb5 {dalsze zapisy nieczytelne} 1-0

[Event "47. Miedzynarodowy Festiwal Szachowy im."]
[Site "Polanica Zdroj"]
[Date "2011.??.??"]
[Round "6.19"]
[White "Zielinski, Andrzej"]
[Black "Panczuk, Boleslaw"]
[Result "1-0"]
[WhiteElo "1618"]
[BlackElo "1482"]
[PlyCount "119"]
[EventDate "2011.??.??"]

1. e4 c5 2. b3 d6 3. Bb2 e6 4. Nf3 Nf6 5. Nc3 a6 6. a4 Be7 7. Be2 Bd7 8. O-O
Nc6 9. d4 cxd4 10. Nxd4 O-O 11. h3 Rc8 12. Nf3 h6 13. Na2 Qc7 14. Bd3 e5 15.
Qe2 Nd8 16. Nc3 Bc6 17. Nh4 Ne6 18. Nf5 Nf4 19. Nxe7+ Qxe7 20. Qe3 Nxd3 21.
Qxd3 Rfd8 22. Ba3 Rd7 23. Rac1 Rcd8 24. Rfe1 Qe6 25. Qe3 Re7 26. Rcd1 Rc7 27.
Re2 b5 28. Qb6 Qc8 29. Bxd6 Rcd7 30. axb5 Rxd6 31. Rxd6 Rxd6 32. bxc6 Rxc6 33.
Nd5 Rxb6 34. Ne7+ Kh7 35. Nxc8 Rb4 36. f3 Nh5 37. Nd6 f6 38. Nc4 Rb8 39. Rd2
Nf4 40. Na5 Rc8 41. Nc4 Rc6 42. Kf1 Ne6 43. Ke1 Nd4 44. Kd1 h5 45. Kc1 Kg6 46.
Kb2 h4 47. Ne3 Kg5 48. c3 Ne6 49. b4 Rb6 50. Ka3 Nc7 51. Nd5 Rc6 52. Nxc7 Rxc7
53. Kb3 Kf4 54. c4 g5 55. Rd6 Kg3 56. Rd2 Rb7 57. Ka4 Re7 58. c5 Re6 59. Ka5
Kf4 60. Rd6 1-0

[Event "47. Miedzynarodowy Festiwal Szachowy im."]
[Site "Polanica Zdroj"]
[Date "2011.??.??"]
[Round "7.1"]
[White "Olejarczyk, Bogdan"]
[Black "Galicki, Ryszard"]
[Result "1/2-1/2"]
[WhiteElo "2137"]
[BlackElo "1986"]
[PlyCount "36"]
[EventDate "2011.??.??"]

1. d4 Nf6 2. Nf3 b6 3. Bf4 Bb7 4. e3 d6 5. h3 Nbd7 6. Be2 g6 7. O-O Bg7 8. Nbd2
O-O 9. c3 Re8 10. Nc4 a5 11. a4 Ne4 12. Nfd2 e5 13. Bh2 exd4 14. Nxe4 Bxe4 15.
exd4 Qg5 16. Bf3 Nf6 17. Re1 Bxf3 18. Qxf3 Qd5 1/2-1/2

[Event "47. Miedzynarodowy Festiwal Szachowy im."]
[Site "Polanica Zdroj"]
[Date "2011.??.??"]
[Round "7.2"]
[White "Janocha, Jan"]
[Black "Pojedziniec, Wladyslaw"]
[Result "0-1"]
[WhiteElo "1781"]
[BlackElo "2168"]
[PlyCount "68"]
[EventDate "2011.??.??"]

1. e4 c5 2. Nf3 d6 3. c3 Nf6 4. Be2 Nc6 5. d3 e5 6. Nbd2 Be7 7. Nf1 O-O 8. Ng3
d5 9. Bg5 Be6 10. O-O Qc7 11. Qc2 Rad8 12. a3 h6 13. Bxf6 Bxf6 14. h3 g6 15.
Rac1 Bg7 16. b4 Qe7 17. Qa4 a6 18. Rfe1 f5 19. Qc2 b5 20. bxc5 Qxc5 21. exf5
gxf5 22. Nh5 Qe7 23. Nxg7 Qxg7 24. Kh1 Kh8 25. a4 Ra8 26. Rg1 Rg8 27. axb5 axb5
28. Qd2 e4 29. Nd4 Nxd4 30. cxd4 Qg5 31. Qxg5 hxg5 32. dxe4 dxe4 33. Rc5 Rgd8
34. Bxb5 Rxd4 0-1

[Event "47. Miedzynarodowy Festiwal Szachowy im."]
[Site "Polanica Zdroj"]
[Date "2011.??.??"]
[Round "7.3"]
[White "Drazek, Wladyslaw"]
[Black "Solek, Zenon"]
[Result "1-0"]
[WhiteElo "2063"]
[BlackElo "1883"]
[PlyCount "55"]
[EventDate "2011.??.??"]

1. d4 f5 2. c4 Nf6 3. Nc3 g6 4. g3 Bg7 5. Bg2 c6 6. d5 d6 7. Nh3 O-O 8. Nf4 Qe8
9. O-O e5 10. dxe6 Bxe6 11. Qxd6 Bxc4 12. Qb4 Qf7 13. Be3 Na6 14. Qa3 Rfe8 15.
b3 Bd5 16. Rac1 Bxg2 17. Nxg2 Ng4 18. Bf4 h6 19. h3 Ne5 20. Rc2 Rad8 21. Qc1 g5
22. Be3 Nd7 23. h4 gxh4 24. Nxh4 Kh7 25. Rd2 Bf6 26. Nf3 Ndc5 27. Rxd8 Bxc3 28.
Rxe8 1-0

[Event "47. Miedzynarodowy Festiwal Szachowy im."]
[Site "Polanica Zdroj"]
[Date "2011.??.??"]
[Round "7.4"]
[White "Santura, Janusz"]
[Black "Widera, Jan"]
[Result "0-1"]
[WhiteElo "1856"]
[BlackElo "2045"]
[PlyCount "82"]
[EventDate "2011.??.??"]

1. d4 Nf6 2. Nf3 c5 3. d5 e6 4. c4 exd5 5. cxd5 d6 6. Nc3 g6 7. e4 Bg7 8. Be2
O-O 9. O-O Bg4 10. Bf4 a6 11. a4 Nh5 12. Bg5 Bf6 13. Bh6 Bg7 14. Bg5 Bf6 15.
Bh6 Re8 16. Nd2 Bxe2 17. Qxe2 Bg7 18. Be3 Nd7 19. a5 Qe7 20. Ra3 Rab8 21. Nd1
Qh4 22. f4 Qe7 23. Qf3 b5 24. axb6 Rxb6 25. Nc4 Rb4 26. b3 Nb6 27. Nd2 Nf6 28.
Nc3 Nxe4 29. Ncxe4 f5 30. Nxd6 Qxd6 31. Re1 Nxd5 32. Nc4 Rxc4 33. bxc4 Nxe3 34.
Kh1 Bd4 35. g3 Qe6 36. Ra4 Rb8 37. h3 Kg7 38. g4 fxg4 39. hxg4 Rf8 40. f5 gxf5
41. gxf5 Qh6+ 0-1

[Event "47. Miedzynarodowy Festiwal Szachowy im."]
[Site "Polanica Zdroj"]
[Date "2011.??.??"]
[Round "7.5"]
[White "Lada, Ireneusz"]
[Black "Gralka, Julian"]
[Result "0-1"]
[WhiteElo "2042"]
[BlackElo "2282"]
[PlyCount "124"]
[EventDate "2011.??.??"]

1. c4 e6 2. e4 c5 3. Nc3 Nc6 4. g3 g6 5. Bg2 Bg7 6. Nge2 Nge7 7. d3 d6 8. Be3
Nd4 9. Qd2 a6 10. O-O O-O 11. Bh6 e5 12. Bxg7 Kxg7 13. f4 f6 14. Nxd4 exd4 15.
Nd1 Rb8 16. Nf2 b5 17. b3 Bd7 18. Rfe1 Qc7 19. Rac1 bxc4 20. Rxc4 Nc6 21. Rc2
Rfe8 22. h4 a5 23. h5 a4 24. bxa4 Qa5 25. Qc1 Nb4 26. Rce2 Be6 27. f5 Bf7 28.
h6+ Kh8 29. fxg6 Bxg6 30. Qf4 Qd8 31. Rb2 Ra8 32. a3 Nd5 33. Qh4 Nc3 34. Rf1
Rxa4 35. Rb8 Qe7 36. Rxe8+ Bxe8 37. Ng4 Rxa3 38. Nxf6 Bg6 39. Nh5 Ne2+ 40. Kh2
Qxh4+ 41. gxh4 Ra8 42. Bf3 Rf8 43. Bxe2 Rxf1 44. Bxf1 Bxh5 45. Kg3 Kg8 46. Kf4
Kf7 47. e5 Ke7 48. Bg2 Bg6 49. Bf1 Bh5 50. exd6+ Kxd6 51. Kg5 Bg6 52. h5 Be8
53. Bg2 Ke5 54. Bh3 c4 55. dxc4 d3 56. Bf5 d2 57. Bc2 Kd4 58. Bd1 Bc6 59. Kf6
Be4 60. c5 Kxc5 61. Ke5 Bd3 62. Bg4 Kc4 0-1

[Event "47. Miedzynarodowy Festiwal Szachowy im."]
[Site "Polanica Zdroj"]
[Date "2011.??.??"]
[Round "7.6"]
[White "Budrewicz, Henryk"]
[Black "Kozicz, Andrzej"]
[Result "0-1"]
[WhiteElo "1607"]
[BlackElo "2014"]
[PlyCount "74"]
[EventDate "2011.??.??"]

1. d4 d5 2. Nf3 e6 3. Bf4 Bd6 4. Bxd6 Qxd6 5. c3 f5 6. Ne5 Nf6 7. e3 O-O 8. f4
c5 9. Be2 cxd4 10. exd4 Nc6 11. O-O Ne4 12. Nd2 a6 13. a4 Bd7 14. Rf3 Qe7 15.
Rh3 Nxe5 16. fxe5 Ng5 17. Rh4 Ne4 18. Nf3 g5 19. Rh6 Kg7 20. Rf6 Nxf6 21. exf6+
Qxf6 22. Ne5 Bc6 23. h3 Rh8 24. Bh5 Be8 25. Qf3 Bxh5 26. Qxh5 b5 27. a5 Rhc8
28. Nd7 Qf7 29. Qxg5+ Kh8 30. Nb6 Rg8 31. Qf4 Rad8 32. Re1 Rg6 33. Re2 Qg7 34.
Qe5 Qxe5 35. Rxe5 Kg8 36. Kf2 Kf7 37. Re2 Ke7 0-1